| 000 | 00680nam a2200253Ia 4500 | ||
|---|---|---|---|
| 003 | OSt | ||
| 005 | 20221005032525.0 | ||
| 006 | a|||||r|||| 00| 0 | ||
| 007 | ta | ||
| 008 | 221004b |||||||| |||| 00| 0 tam d | ||
| 020 | _c4.00 | ||
| 024 | _a64853 | ||
| 037 | _cTextual | ||
| 040 |
_aCRL _cCRL _btam |
||
| 041 |
_2tam _atam |
||
| 082 | _aO31,1x, L6-;1 | ||
| 100 |
_aSakthikkanal Au. _9585226 |
||
| 245 | 0 | _aKanakaambaramum December Pookkalaum | |
| 260 |
_aCoimbatore _bVetrivel Pathippakam India _c1978 |
||
| 300 |
_a78p. _ccm. |
||
| 650 | _aTAMIL LITERATURE | ||
| 942 |
_hO31,1x, L6-;1 _cTEXL _2cc |
||
| 999 |
_c939872 _d939872 |
||